000 00686nam a22002177a 4500
003 0
005 20251020153744.0
008 251020b xxu||||| |||| 00| 0 eng d
020 _a978-1-77956-353-8
050 _aHA 29.5
_b.N33 2025
100 _aNady, Mohsen,
_eauthor.
245 _aStatistics with R for data analysis /
_cMohsen Nady.
260 _aBurlington, ON :
_bArcler Press,
_c2025.
300 _axvi, 492 pages :
_billustrations ;
_c24 cm.
504 _aIncludes bibliographical references and index.
650 _aStatistical methods.
650 _aData analysis (Statistics).
650 _aR (Computer program).
650 _aStatistical software.
942 _2lcc
_cBK
999 _c368300
_d368300